« Retourner aux résultats de recherche
Automobile pour tous (L')
entretien et dépannage pas à pas
| Auteur principal: | Bruno Collomb |
|---|---|
| Support: | Livres |
| Langue: | Francais |
| Publié: |
2020 Dunod Paris |
| Genre: |
Documentaire |
| Sujets: | |
| Étiquettes: |
Ajouter
Pas de Tags !
|
| LEADER | 00988nam0a2200193 450 | ||
|---|---|---|---|
| 001 | 16847797 | ||
| 010 | |a 978-2-10-079629-8 |b br. |d 24,9 | ||
| 100 | |a 20191217d2020 u u0frey01 ba | ||
| 101 | 0 | |a fre | |
| 102 | |a FR | ||
| 200 | 0 | |a Automobile pour tous (L') |e entretien et dépannage pas à pas |f Bruno Collomb | |
| 207 | 1 | |a | |
| 210 | |a Paris |c Dunod |d 2020 | ||
| 215 | |a 1 vol. (223 p.) |c illustrations en couleur |d 24 x 19 cm | ||
| 330 | |a Un guide de maintenance automobile qui détaille les opérations d'entretien courantes et l'outillage à utiliser selon les parties et les fonctions du véhicule : les circuits de graissage et de refroidissement, les systèmes d'alimentation et d'allumage, la transmission, le freinage, la suspension, le train roulant et la carrosserie, entre autres. | ||
| 700 | 0 | |a Collomb |b Bruno |4 70 | |
| 900 | |a Documentaire | ||
| 901 | |a Accessible au prêt | ||
| 995 | |a Bibliothèque |c Bibliothèque |f 00156012310777 |h 00156012310777 |k 629.2 COL |o p |q a |r az |e Bibliothèque | ||
